Movies Quiz

Random Movies or Superhero Quiz
Score 0/10 Timer 00:45
4 Plays Today
% Correct
Wonder Woman
Wonder Woman
94.3%
Ant-Man
Ant-Man
94.1%
Superman
Man of Steel
94.1%
Negasonic Teenage Warhead
Deadpool 2
85.9%
John Constantine
Constantine
82.7%
Elektra
Elektra
82.7%
Hawkeye
The Avengers
82.7%
Human Torch
Fantastic Four
82.6%
Silk Spectre
Watchmen
76.9%
Jean Grey
X-Men: The Last Stand
76.6%

You're not logged in!

Compare scores with friends on all Sporcle quizzes.
OR
Log In

Sporcle TV

Today on Sporcle TV


Watch our educational content, quiz creation guides, and fun videos on Sporcle TV.

Show Comments

Extras

Top Quizzes Today


Score Distribution

Paid Content

Your Account Isn't Verified!

In order to create a playlist on Sporcle, you need to verify the email address you used during registration. Go to your Sporcle Settings to finish the process.

Report this User

Report this user for behavior that violates our Community Guidelines.

Details: